| 000 | 00964nam a2200253 a 4500 | ||
|---|---|---|---|
| 999 |
_c12171 _d12171 |
||
| 001 | 12171 | ||
| 003 | BD-JhCC | ||
| 005 | 20210322125555.0 | ||
| 008 | 210322b 2020bg a|||| ||a| 000 0 mul d | ||
| 020 | _a9789848042106 | ||
| 035 | _a(BD-JhCC)12171 | ||
| 040 |
_aBD-JhCC _dBD-JhCC |
||
| 041 | _amul | ||
| 082 |
_a005.133 _bSUB |
||
| 100 | _aসুবিন, তামিম শাহ্রিয়ার | ||
| 245 |
_aকোডিংইন্টারভিউ প্রস্তুতি সমস্যা ও সমাধান _cতামিম শাহ্রিয়ার সুবিন |
||
| 260 |
_aঢাকা : _bদ্বিমিক প্রকাশনী, _c২০২০. |
||
| 300 |
_a১৮০ পৃ. : _bচিত্রাবলী; _c২৪ সে.মি. |
||
| 650 | _aComputer programming | ||
| 650 | _aEmployment interviewing | ||
| 650 | _aComputer programmers--Employment | ||
| 942 |
_2ddc _cBK |
||